000
00198 a2200097 4500
001
25825
100
_a
Goodall, G
245
_a
University Atlas
260
_a
_b
Philip
_c
1948
090
_c
17452
_d
17452
942
_a
NUST-CAE
_c
M
_c
8283
999
_c
260898
_d
260898